000
00324nam a2200145Ia 4500
100
_a
Tropper/ R.H.
942
_c
BK
654
_a
Computer
245
_a
Programming an Assembly Language on the IBM PC
260
_b
Jaico Pub
_a
Bombay
_c
1993
082
_a
5.2
_b
PAN
300
_a
648
546
_a
ENGLISH
999
_c
18400
_d
18400